[Event "Bucharest TIT-2 (Women)"]
[Site "Bucharest"]
[Date "1993.??.??"]
[Round "8"]
[White "Chiricuta Kantor, Iudita"]
[Black "Petrenko, Svetlana"]
[Result "0-1"]
[WhiteElo "2155"]
[BlackElo "2075"]

1.d4 Nf6 2.c4 g6 3.Nc3 Bg7 4.e4 d6 5.Be2 Nbd7 6.Nf3 e5 7.O-O O-O 8.Re1 Re8
9.Bf1 exd4 10.Nxd4 Nc5 11.f3 Nh5 12.Be3 Be5 13.g3 Bd7 14.Qd2 Qc8 15.Rab1 Ng7
16.Ndb5 a6 17.Nd4 f5 18.b4 Nce6 19.f4 Bxd4 20.Bxd4 Nxd4 21.Qxd4 Ne6 22.Qd2 Ng7
23.Nd5 Kh8 24.Nf6 Rf8 25.e5 Be6 26.Nd5 Qd7 27.Rbd1 Rad8 28.Qb2 Qf7 29.exd6 Rxd6
30.Ne3 Rfd8 31.Rxd6 Rxd6 32.c5 Rd8 33.a3 h6 34.Qc3 g5 35.Bc4 Kh7 36.Bxe6 Nxe6
37.fxg5 hxg5 38.Nc2 f4 39.Qc4 fxg3 40.hxg3 Rd2 41.Qe4+ Kg7 42.Rf1 Qh5 43.Qe5+ Kh7
44.Qf5+ Qg6 45.Ne3 Qxf5 46.Nxf5 Kg6 47.Ne7+ Kh5 48.Re1 Nd4 49.Re3 Kg4 50.Kf1 Nf3
51.Nf5 Ra2 52.Ng7 Kxg3 53.Nh5+ Kg4 54.Nf6+ Kf4 55.Re7 g4 56.Rxc7 g3 57.Nh5+ Kg4
58.Nxg3 Kxg3 59.Rg7+ Kf4 60.Rxb7 Ne5 61.b5 Kf3 62.Ke1 Ke3 63.Kf1 Rf2+ 64.Kg1 Nf3+  0-1

[Event "Bucharest2"]
[Site "Bucharest"]
[Date "1993.??.??"]
[Round "9"]
[White "Gilbert, Christophe"]
[Black "Daly, Colm"]
[Result "0-1"]
[WhiteElo "2100"]
[BlackElo "2275"]

1.d4 Nf6 2.c4 g6 3.Nc3 Bg7 4.e4 d6 5.Be2 O-O 6.Nf3 Na6 7.O-O e5 8.Re1 c6
9.dxe5 dxe5 10.Qxd8 Rxd8 11.Nxe5 Nc5 12.Be3 Nfxe4 13.Nxe4 Nxe4 14.Nd3 Bf5
15.Rad1 h5 16.f3 Nd6 17.b3 Bc3 18.Bd2 Bd4+ 19.Kf1 Re8 20.Nf4 Be5 21.g3 Rad8
22.Bd3 Bc8 23.c5 Nf5 24.Bc4 Kf8 25.Ne2 Rd7 26.f4 Red8 27.fxe5 Rxd2 28.Nc3 Rxd1
29.Nxd1 Rd2 30.Nf2 Nd4 31.Re4 Bf5 32.Re3 Rxa2 33.Bd3 Be6 34.Bc4 Bxc4+ 35.bxc4 Rc2
36.Ne4 Rxc4 37.Nd6 Rb4 38.Re4 a5 39.Nxb7 Ne6 40.Rxb4 axb4 41.Na5 Nxc5 42.Ke2 b3
43.Kd1 Ke7 44.Nxc6+ Ke6 45.Nd8+ Kxe5 46.Nxf7+ Ke4 47.Kc1 Kd4 48.Kb2 Kc4 49.Ne5+ Kb4
50.Nxg6 Ne4  0-1

[Event "Bucharest2"]
[Site "Bucharest"]
[Date "1993.??.??"]
[Round "10"]
[White "Musat, Adrian"]
[Black "Nevednichy, Vladislav"]
[Result "1/2-1/2"]
[WhiteElo "2275"]
[BlackElo "2495"]

1.Nf3 g6 2.c4 Bg7 3.d4 d6 4.e4 Nf6 5.Nc3 O-O 6.Be2 e5 7.dxe5 dxe5 8.Qxd8 Rxd8
9.Bg5 Nbd7 10.O-O-O Rf8 11.Nd5 c6 12.Ne7+ Kh8 13.Be3 Re8 14.Nxc8 Raxc8 15.Nd2 Bf8
16.Nb3 b6 17.Bg4 Nxg4 18.Rxd7 Nxe3 19.fxe3 Re7 20.Rhd1 Kg7 21.Rxe7 Bxe7 22.Rd7 Bg5
23.Kd2 Rd8 24.Rxd8 Bxd8 25.Ke2 Kf6 26.Nc1 Ke6 27.Nd3 Be7 28.b3 h5 29.a4 a6
30.Kf3 b5 31.cxb5 cxb5 32.axb5 axb5 33.h3  1/2-1/2

[Event "Bucharest Tim"]
[Site "Bucharest"]
[Date "1993.??.??"]
[Round "10"]
[White "Musat, Adrian"]
[Black "Ardeleanu, Alin"]
[Result "0-1"]
[WhiteElo "2275"]
[BlackElo "2355"]

1.Nf3 Nf6 2.c4 g6 3.Nc3 Bg7 4.e4 d6 5.d4 O-O 6.Be2 e5 7.dxe5 dxe5 8.Qxd8 Rxd8
9.Bg5 Nbd7 10.O-O-O Rf8 11.Nd5 c6 12.Ne7+ Kh8 13.Be3 Re8 14.Nxc8 Raxc8 15.c5 Kg8
16.Nd2 Bf8 17.Nb3 Be7 18.Bg4 Nxg4 19.Rxd7 Rb8 20.Rhd1 Nf6 21.f3 Nxd7 22.Rxd7 Bf6
23.Na5 Re7 24.Rd6 Kg7 25.b4 Rc7 26.Nc4 Re8 27.Rd3 h6 28.Kc2 Bg5 29.Bf2 Kf8
30.Ra3 a6 31.Rd3 Bf6 32.Bg3 h5 33.h3 Rd8 34.Rxd8+ Bxd8 35.Bxe5 Rd7 36.Bd6+ Be7
37.e5 Rd8 38.Bxe7+ Kxe7 39.f4 Ke6 40.Kc3 f6 41.exf6 Kxf6 42.g3 Ke6 43.Ne3 Rf8
44.Ng2 a5 45.a3 axb4+ 46.axb4 Ra8 47.Kb2 Ra4 48.Kb3 Ra1 49.Nh4 Rg1  0-1

[Event "Bucharest2"]
[Site "Bucharest"]
[Date "1993.??.??"]
[Round "10"]
[White "Gilbert, Christophe"]
[Black "Glodeanu, Ion"]
[Result "1/2-1/2"]
[WhiteElo "2100"]
[BlackElo "2350"]

1.Nf3 Nf6 2.c4 g6 3.Nc3 Bg7 4.e4 d6 5.d4 O-O 6.Be2 e5 7.dxe5 dxe5 8.Qxd8 Rxd8
9.Bg5 Re8 10.Nd5 Nxd5 11.cxd5 c6 12.Bc4 b5 13.Bb3 a5 14.a3 c5 15.a4 Ba6 16.Nd2 f5
17.f3 Nd7 18.axb5 Bxb5 19.Bc4 Bxc4 20.Nxc4 Reb8 21.Kd2 Rb4 22.Kd3 Nb6 23.Nxb6 Rxb6
24.Ra2 c4+ 25.Kc2 Bf8 26.Bd2 fxe4 27.fxe4 Rf6 28.Rxa5 Rxa5 29.Bxa5 Rf2+ 30.Kc3 Rxg2
31.Kxc4 Rxb2 32.Bc3 Ra2 33.Bxe5 Ra4+ 34.Kd3 Ra3+ 35.Kc4 Ra4+ 36.Kd3 Ra3+
37.Bc3 Bd6 38.Kc4 Ra4+ 39.Kd3 Ra3 40.Kc4 Ra4+ 41.Kd3 Ra3  1/2-1/2

[Event "Bucharest Tim"]
[Site "Bucharest"]
[Date "1993.??.??"]
[Round "12"]
[White "Musat, Adrian"]
[Black "Cosma, Ioan"]
[Result "1-0"]
[WhiteElo "2275"]
[BlackElo "2365"]

1.Nf3 Nf6 2.c4 g6 3.Nc3 Bg7 4.e4 d6 5.d4 O-O 6.Be2 e5 7.dxe5 dxe5 8.Qxd8 Rxd8
9.Bg5 Nbd7 10.O-O-O Rf8 11.Nd5 Nxe4 12.Be3 Nb6 13.Nxc7 Rb8 14.Nd2 Bf5 15.g4 Nxd2
16.Rxd2 Be4 17.f3 Bxf3 18.Bxf3 Nxc4 19.Nd5 e4 20.Bd1 Nxe3 21.Nxe3 Bh6 22.Re2 f5
23.gxf5 gxf5 24.Kb1 Bxe3 25.Rxe3 Rf6 26.Rf1 Rbf8 27.Bb3+ Kh8 28.Kc2 Kg7 29.Bd5 Rc8+
30.Kb1 Rc5 31.Rg3+ Rg6 32.Rxf5 e3 33.Rf7+ Kh6 34.Rh3+ Kg5 35.Bf3 Rd6 36.Rh5+ Kg6
37.Rxc5 Kxf7 38.Re5 Rf6 39.Rxe3  1-0

[Event "Budapest FS02 IM"]
[Site "Budapest"]
[Date "1993.??.??"]
[Round "?"]
[White "Krutti, Valer"]
[Black "Wegener, Dirk"]
[Result "1/2-1/2"]
[WhiteElo "2345"]
[BlackElo "2305"]

1.Nf3 Nf6 2.c4 g6 3.Nc3 Bg7 4.e4 d6 5.d4 O-O 6.Be2 e5 7.Be3 h6 8.dxe5 Ng4
9.Bf4 Nxe5 10.Qd2 Kh7 11.O-O Nbc6 12.Rad1 f5 13.exf5 Bxf5 14.Nxe5 Nxe5 15.Rfe1 Qd7
16.Bg3 Rae8 17.f4 Nc6 18.Bf2 Bxc3 19.bxc3 Bg4 20.c5 Rxe2 21.Rxe2 Bxe2 22.Qxe2 Rxf4
23.Bg3 Rf6 24.cxd6 cxd6 25.Qd2 Qc7 26.Bxd6 Qb6+ 27.Kh1 Rf2 28.Qd5 Qa6 29.Bc5 Rf1+
30.Bg1 Rxd1 31.Qxd1 Qxa2 32.Qd7+ Kg8 33.Qxb7 Qc4 34.Qc8+ Kh7 35.Bxa7 Qxc3
36.h3 Qf6 37.Bc5 Qf1+ 38.Bg1 Qf6 39.Qc7+ Kg8 40.Be3 g5 41.Bc5 Qa1+ 42.Bg1  1/2-1/2

[Event "Budapest FS02 IM"]
[Site "Budapest"]
[Date "1993.??.??"]
[Round "?"]
[White "Krutti, Valer"]
[Black "Keschitz, Gyorgy"]
[Result "0-1"]
[WhiteElo "2345"]
[BlackElo "2290"]

1.d4 Nf6 2.c4 g6 3.Nc3 Bg7 4.e4 d6 5.Nf3 O-O 6.Be2 e5 7.Be3 Ng4 8.Bg5 Qe8
9.dxe5 Nxe5 10.Qd2 f5 11.Nxe5 Qxe5 12.exf5 Qxf5 13.Be3 Nc6 14.O-O Be6 15.Rac1 Ne5
16.Nb5 Qf7 17.b3 Rad8 18.Nd4 Bc8 19.h3 c5 20.Nb5 a6 21.Nc3 Nc6 22.Bg5 Rde8
23.Bd3 Nd4 24.Ne4 Bxh3 25.f4 Bg4 26.Nxd6 Qd7 27.Nxe8 Ne2+ 28.Qxe2 Bxe2 29.Bxe2 Bd4+
30.Kh2 Rxe8 31.Bf3 Kg7 32.Rfe1 h6 33.Bh4 Be3 34.Rcd1 Qf7 35.g3 g5 36.Rd3 Bxf4
37.gxf4 gxh4 38.Rg1+ Kh8 39.Rg4 Qf6 40.Rd7 h5  0-1

[Event "Budapest FS02 GM"]
[Site "Budapest"]
[Date "1993.??.??"]
[Round "?"]
[White "Wells, Peter K"]
[Black "Maiwald, Jens Uwe"]
[Result "0-1"]
[WhiteElo "2485"]
[BlackElo "2400"]

1.d4 Nf6 2.c4 g6 3.Nc3 Bg7 4.e4 d6 5.Nf3 O-O 6.Be2 e5 7.Be3 Na6 8.O-O c6
9.d5 Ng4 10.Bd2 f5 11.Ng5 Nf6 12.dxc6 bxc6 13.c5 Nxc5 14.Bc4+ Kh8 15.exf5 d5
16.Be3 Qe7 17.Bxd5 cxd5 18.Nxd5 Nxd5 19.Qxd5 Ba6 20.Rfd1 Rac8 21.fxg6 hxg6
22.Rac1 Bb7 23.Bxc5 Rxc5 24.Qb3 Bc8 25.Rxc5 Qxc5 26.Nf7+ Kh7 27.Ng5+ Kh6
28.Nf7+ Rxf7 29.Qxf7 Bf5 30.Qb3 e4 31.h3 Bd4 32.Qg3 Kg7 33.b4 Qxb4 34.Qc7+ Kh6
35.Qf4+ Kh7 36.g4 Be6 37.Rc1 Bb6 38.Qf6 Qd6 39.Kg2 e3 40.Qh4+ Kg7  0-1

[Event "Budapest FS06 GM"]
[Site "Budapest"]
[Date "1993.??.??"]
[Round "1"]
[White "Tseitlin, Mikhail S"]
[Black "Loginov, Valery A"]
[Result "1/2-1/2"]
[WhiteElo "2485"]
[BlackElo "2505"]

1.Nf3 Nf6 2.c4 g6 3.Nc3 Bg7 4.e4 d6 5.d4 O-O 6.Be2 e5 7.dxe5 dxe5 8.Qxd8 Rxd8
9.Bg5 c6 10.Nxe5 Re8 11.O-O-O Na6 12.Rd6 Be6 13.f4 Nc5 14.Bxf6 Bxf6 15.Rhd1 a5
16.Kc2 Kg7 17.b3 h5 18.Bf3 Bxe5  1/2-1/2

[Event "Budapest FS11 IM-A"]
[Site "Budapest"]
[Date "1993.??.??"]
[Round "1"]
[White "Pasztor, Ferenc"]
[Black "Kecskes, Gabor"]
[Result "1-0"]
[WhiteElo "2240"]
[BlackElo "2220"]

1.d4 Nf6 2.c4 g6 3.Nc3 Bg7 4.e4 d6 5.Be2 O-O 6.Nf3 e5 7.d5 a5 8.Bg5 Na6 9.Nd2 Nc5
10.g4 h6 11.Bh4 c6 12.f3 a4 13.b4 axb3 14.axb3 Bd7 15.O-O Rxa1 16.Qxa1 Qc8
17.h3 Kh7 18.Qb1 Ng8 19.b4 Na6 20.Na4 c5 21.Nb6 Qc7 22.bxc5 Nxc5 23.Nxd7 Qxd7
24.Qb6 Bf6 25.Bf2 Bd8 26.Qb5 Qe7 27.Nb3 Nxb3 28.Qxb3 Ba5 29.Qb5 Bc3 30.Qb6 Ra8
31.c5 Bd4 32.Qxd6 Qh4 33.Kg2 Bxf2 34.Rxf2 Qg5 35.f4 exf4 36.Qxf4  1-0

[Event "Budapest FS12 GM"]
[Site "Budapest"]
[Date "1993.??.??"]
[Round "1"]
[White "Lugovoi, Aleksei"]
[Black "Anka, Emil"]
[Result "1-0"]
[WhiteElo "2390"]
[BlackElo "2395"]

1.d4 Nf6 2.c4 g6 3.Nc3 Bg7 4.e4 d6 5.Be2 O-O 6.Nf3 e5 7.d5 a5 8.Bg5 h6 9.Bh4 Na6
10.Nd2 Qe8 11.O-O Bd7 12.Nb5 Nh7 13.a3 f5 14.f3 f4 15.b4 axb4 16.axb4 g5
17.Bf2 Qg6 18.c5 h5 19.c6 bxc6 20.dxc6 Bxc6 21.Na7 Nb8 22.Nxc6 Rxa1 23.Ne7+ Kf7
24.Qxa1 Kxe7 25.Qa7 Nd7 26.Qxc7 Qe8 27.b5 Qb8 28.Rc1 Qxc7 29.Rxc7 Nf6 30.b6 Rb8
31.Bb5 Bf8 32.Nc4 Kd8 33.Na5 Nxb6 34.Rf7 Nbd7  1-0

[Event "Budapest FS06 GM"]
[Site "Budapest"]
[Date "1993.??.??"]
[Round "2"]
[White "Lyrberg, Patrik"]
[Black "Tseitlin, Mikhail S"]
[Result "1-0"]
[WhiteElo "2395"]
[BlackElo "2485"]

1.d4 Nf6 2.c4 g6 3.Nc3 Bg7 4.e4 O-O 5.Nf3 c6 6.Be2 d6 7.O-O e5 8.Be3 Ng4
9.Bg5 f6 10.Bc1 f5 11.dxe5 dxe5 12.exf5 gxf5 13.Ng5 Nf6 14.f4 e4 15.c5 Nd5
16.Bc4 Bxc3 17.bxc3 h6 18.Qh5 Kg7 19.Bxd5 cxd5 20.Bb2 Nc6 21.Rad1 hxg5 22.Rxd5 Qxd5
23.c4+ Qd4+ 24.Bxd4+ Nxd4 25.fxg5 Rh8 26.Qd1 Nc6 27.Qd6 Re8 28.Qf6+ Kg8 29.Rf4 Re7
30.Qg6+ Kf8 31.Rh4  1-0

[Event "Budapest FS11 IM-B"]
[Site "Budapest"]
[Date "1993.??.??"]
[Round "2"]
[White "Badian, Gustav"]
[Black "Farago, Sandor"]
[Result "0-1"]
[WhiteElo "2180"]
[BlackElo "2375"]

1.d4 Nf6 2.Nf3 g6 3.c4 Bg7 4.Nc3 d6 5.e4 O-O 6.Be2 e5 7.dxe5 dxe5 8.Qxd8 Rxd8
9.O-O Re8 10.Rd1 Na6 11.h3 b6 12.Bg5 Bb7 13.Bxf6 Bxf6 14.Bd3 c6 15.a3 Nc5
16.Bc2 Ne6 17.Rd6 Kg7 18.Ne2 c5 19.Nc3 Nd4 20.Nxd4 exd4 21.Nd5 Be5 22.Rd7 Bc6
23.Re7 Bd6 24.Rxe8 Rxe8 25.f3 b5 26.Bd3 bxc4 27.Bxc4 Rb8 28.b4 cxb4 29.axb4 Bxb4
30.Rxa7 Bc5 31.Ra1 Rb2 32.Bd3 Bb7 33.Rd1 Bd6 34.Kf1 f5 35.Rb1 Rxb1+ 36.Bxb1 Ba6+
37.Ke1 f4 38.Bc2 g5 39.Kd2 Bf1 40.Bd3 Bxg2 41.Be2 Bxh3 42.Kd3 Be5 43.Ne7 h5
44.Nc6 Kf6 45.Nxd4 Bxd4 46.Kxd4 Bg2 47.e5+ Ke7  0-1

[Event "Budapest FS09 GM"]
[Site "Budapest"]
[Date "1993.??.??"]
[Round "3"]
[White "Lukacs, Peter"]
[Black "Schaefer, Markus"]
[Result "1/2-1/2"]
[WhiteElo "2485"]
[BlackElo "2455"]

1.d4 Nf6 2.c4 g6 3.Nc3 Bg7 4.e4 d6 5.Nf3 O-O 6.Be2 Na6 7.O-O e5 8.Re1 Qe8
9.Bg5 h6 10.Bxf6 Bxf6 11.c5 Kg7 12.h3 Nb4 13.dxe5 dxe5 14.Qb3 a5 15.Rac1 Be6
16.Nd5 Qd8 17.Bc4 Bxd5 18.exd5 Na6 19.Bxa6 bxa6 20.Rcd1 Rb8 21.Qc2 Re8 22.b3 Qd7
23.Nh2 h5 24.Nf1 Rb4 25.Ng3 Rd4 26.Rxd4 exd4 27.Rxe8 Qxe8 28.Ne4 Bd8 29.Kf1  1/2-1/2

[Event "Spring op"]
[Site "Budapest"]
[Date "1993.??.??"]
[Round "3"]
[White "Zimmerman, Yuri"]
[Black "Von Alvensleben, Wolfram"]
[Result "1/2-1/2"]
[WhiteElo "2410"]
[BlackElo "2230"]

1.d4 Nf6 2.c4 g6 3.Nc3 Bg7 4.e4 O-O 5.Nf3 d6 6.Be2 e5 7.O-O Na6 8.d5 Nc5
9.Qc2 a5 10.Bg5 h6 11.Be3 Ng4 12.Bxc5 dxc5 13.h3 Nf6 14.Nxe5 Nxd5 15.cxd5 Bxe5
16.f4 Bd4+ 17.Kh2 Qh4 18.Qd3 c6 19.Qg3 Qxg3+ 20.Kxg3 Rb8 21.Rab1 Rd8 22.dxc6 bxc6
23.Na4 Be6 24.b3 c4 25.bxc4 Rb4 26.Rxb4 axb4 27.Rd1 Ra8 28.Rxd4 Rxa4 29.Rd2 Ra3+
30.Kf2 Rc3 31.Rd6 Bxc4 32.Rxc6 Bxa2 33.Rxc3 bxc3 34.Bd3 Bb3 35.Ke3 Kf8 36.e5 Ke7
37.Be4 Ke6 38.Kd3 c2 39.Kd2 g5 40.g3 Ba4 41.Bd3 gxf4 42.gxf4 f6  1/2-1/2

[Event "Budapest FS10 IM-B"]
[Site "Budapest"]
[Date "1993.??.??"]
[Round "3"]
[White "Eperjesi, Laszlo"]
[Black "Czebe, Attila"]
[Result "0-1"]
[WhiteElo "2315"]
[BlackElo "2350"]

1.d4 d6 2.Nf3 g6 3.c4 Bg7 4.Nc3 Nf6 5.e4 O-O 6.Be2 Nbd7 7.O-O e5 8.Qc2 c6
9.Rd1 exd4 10.Nxd4 Re8 11.Be3 Qe7 12.Bg5 h6 13.Bh4 Nc5 14.f3 Bd7 15.Bf1 Rad8
16.Rd2 Bc8 17.Rad1 g5 18.Bf2 Nh5 19.b4 Na6 20.b5 Nb8 21.Nde2 Be6 22.g4 Nf6
23.Ng3 Nbd7 24.Nf5 Bxf5 25.exf5 Ne5 26.Be2 a6 27.bxa6 bxa6 28.Kg2 d5 29.cxd5 cxd5
30.Bxa6 Ra8 31.Bb5 Rec8 32.Bd4 Nc4 33.Bxc4 dxc4 34.a4 Qb7 35.Rb1 Qe7 36.Bxf6 Qxf6
37.Nd5 Qe5 38.Nb6 Qf4 39.Nd5 Qe5 40.Nb6 Qf4 41.Nxa8 Be5 42.Rf2 Qxh2+ 43.Kf1 Qh3+
44.Ke2 Bd4 45.Qe4 Bxf2 46.Kxf2 Qh2+ 47.Kf1 c3 48.Nc7 c2 49.Re1 Rxc7  0-1

[Event "Budapest FS06 IM"]
[Site "Budapest"]
[Date "1993.??.??"]
[Round "3"]
[White "Kahn, Evarth"]
[Black "Farago, Sandor"]
[Result "1/2-1/2"]
[WhiteElo "2360"]
[BlackElo "2340"]

1.d4 Nf6 2.c4 d6 3.Nc3 Nbd7 4.e4 e5 5.Nf3 g6 6.Be2 Bg7 7.O-O O-O 8.d5 Nc5
9.Qc2 a5 10.Ne1 Nfd7 11.Nd3 f5 12.Nxc5 Nxc5 13.f3 f4 14.Bd2 h5 15.b3 Bd7
16.a3 a4 17.bxa4 Nxa4 18.Nxa4 Bxa4 19.Qc3 b6 20.Bd1 Qd7 21.Bxa4 Rxa4 22.Rfb1 g5
23.Rb4  1/2-1/2

[Event "Budapest FS04 GM"]
[Site "Budapest"]
[Date "1993.??.??"]
[Round "3"]
[White "Koerholz, Ludger"]
[Black "Loginov, Valery A"]
[Result "1-0"]
[WhiteElo "2295"]
[BlackElo "2505"]

1.d4 Nf6 2.c4 g6 3.Nc3 Bg7 4.e4 d6 5.Nf3 O-O 6.Be2 e5 7.dxe5 dxe5 8.Qxd8 Rxd8
9.Bg5 c6 10.Nxe5 Re8 11.O-O-O Na6 12.Rd6 Be6 13.f4 Nh5 14.Bxh5 gxh5 15.Bh4 Bxe5
16.fxe5 Bxc4 17.b3 Be6 18.Bf6 h6 19.Rhd1 Kh7 20.R1d3 Nc5 21.R3d4 a5 22.Ne2 a4
23.b4 Na6 24.Rxe6 Rxe6 25.Nf4 Rxf6 26.exf6 Re8 27.Rd7 Kg8 28.Re7 Kf8 29.Rxb7 Rxe4
30.Nd3 c5 31.bxc5 Ke8 32.Kd2 Re6 33.Rb6 Kd7 34.c6+ Kc7 35.Rxa6 Rxf6 36.Nb4  1-0

[Event "Budapest FS12 GM"]
[Site "Budapest"]
[Date "1993.??.??"]
[Round "3"]
[White "Lugovoi, Aleksei"]
[Black "Sinowjew, Juri"]
[Result "1/2-1/2"]
[WhiteElo "2390"]
[BlackElo "2350"]

1.d4 Nf6 2.c4 g6 3.Nc3 Bg7 4.e4 d6 5.Be2 O-O 6.Nf3 e5 7.d5 a5 8.Bg5 h6 9.Bh4 Na6
10.Nd2 Qe8 11.a3 Bd7 12.Nb5 g5 13.Bg3 Nxe4 14.Nxe4 f5 15.h4 gxh4 16.Bh5 Qc8
17.Rxh4 fxe4 18.Nc3 Bf5 19.Bg4 Nc5 20.Bxf5 Qxf5 21.Qe2 e3 22.Qxe3 Qc2 23.Qe2 Nd3+
24.Kf1 Qxb2 25.Qxb2 Nxb2 26.Rb1 e4 27.Rxb2 Bxc3 28.Rb3 Bd4 29.Rxe4 Bc5 30.Rxb7 Bxa3
31.Rxc7 Rf7 32.Rg4+ Kf8 33.Rf4 Rxf4 34.Bxf4 a4 35.Bxh6+ Kg8 36.Rg7+ Kh8 37.Rb7 Bc5
38.Be3 Bxe3 39.fxe3 a3 40.Rb1 Ra4 41.Ra1 a2 42.Ke2 Ra3 43.c5 dxc5 44.d6 Kg7
45.d7 Ra8 46.Kf3 Rd8 47.Rxa2 Rxd7 48.Rc2 Rc7 49.Ke4 Kf6 50.Kd5 Rd7+ 51.Ke4 Rc7
52.Ra2 Re7+ 53.Kd3 Ke5 54.Ra5 Rd7+ 55.Ke2 Rg7 56.Rxc5+ Kd6 57.Ra5 Rxg2+ 58.Kd3 Rg4
59.Ra6+ Ke5 60.Ra8 Rh4 61.Re8+ Kd6 62.Ke2 Rb4 63.Kf3 Ra4 64.Rf8 Ke5  1/2-1/2

[Event "Spring op"]
[Site "Budapest"]
[Date "1993.??.??"]
[Round "5"]
[White "Kopjonkin, Gennady"]
[Black "Neuschmied, Siegfried"]
[Result "1-0"]
[WhiteElo "2325"]
[BlackElo "2230"]

1.d4 Nf6 2.Nf3 g6 3.c4 Bg7 4.Nc3 d6 5.e4 O-O 6.Be2 e5 7.d5 a5 8.Bg5 h6 9.Bh4 Na6
10.Nd2 Qe8 11.a3 Bd7 12.b3 g5 13.Bg3 Nxe4 14.Ndxe4 f5 15.O-O fxe4 16.Nxe4 Bf5
17.Bd3 Qg6 18.Qe2 h5 19.f3 Bh6 20.Be1 g4 21.Bxa5 Rf7 22.fxg4 hxg4 23.Rxf5 Rxf5
24.Ng3 e4 25.Qxe4 Qf6 26.Nxf5 Qxa1+ 27.Bb1 Bg7 28.Ne7+ Kf8 29.Ng6+ Kg8 30.Qe6+ Kh7
31.Qe1 g3 32.hxg3 Nc5 33.Ne5+ Kh8 34.Bc3 Nd3 35.Ng6+ Kh7 36.Nf4 Qxc3 37.Bxd3+ Kh8
38.Ng6+ Kh7 39.Ne5+  1-0

[Event "Budapest FS12 IM-A"]
[Site "Budapest"]
[Date "1993.??.??"]
[Round "5"]
[White "Orso, Miklos"]
[Black "Zimmerman, Yuri"]
[Result "1/2-1/2"]
[WhiteElo "2390"]
[BlackElo "2325"]

1.d4 Nf6 2.Nf3 g6 3.c4 Bg7 4.Nc3 O-O 5.e4 d6 6.Be2 e5 7.Be3 h6 8.h3 exd4
9.Nxd4 Re8 10.Qc2 c6  1/2-1/2

[Event "Budapest FS08 IM"]
[Site "Budapest"]
[Date "1993.??.??"]
[Round "6"]
[White "Korpics, Zsolt"]
[Black "Borocz, Istvan"]
[Result "1/2-1/2"]
[WhiteElo "2330"]
[BlackElo "2335"]

1.d4 Nf6 2.c4 g6 3.Nf3 Bg7 4.Nc3 O-O 5.e4 d6 6.Be2 e5 7.dxe5 dxe5 8.Qxd8 Rxd8
9.Bg5 Rf8 10.Nd5 Nxd5 11.cxd5 c6 12.Bc4 b5 13.Bb3 Bb7 14.Rc1 Rc8 15.Be3 h6
16.O-O Nd7 17.dxc6 Rxc6 18.Nd2 Nb6 19.Rxc6 Bxc6 20.Rc1 Be8 21.Rc7 Bf8 22.Nf3  1/2-1/2

[Event "Budapest FS11 GM"]
[Site "Budapest"]
[Date "1993.??.??"]
[Round "6"]
[White "Czebe, Attila"]
[Black "Sutovskij, Emil"]
[Result "0-1"]
[WhiteElo "2350"]
[BlackElo "2410"]

1.d4 Nf6 2.c4 g6 3.Nc3 Bg7 4.e4 d6 5.Nf3 O-O 6.Be2 Nbd7 7.O-O e5 8.d5 Nc5
9.Qc2 a5 10.Bg5 h6 11.Be3 Nfd7 12.Nd2 f5 13.exf5 gxf5 14.f4 exf4 15.Bxf4 Ne5
16.Rae1 Qf6 17.Nf3 Bd7 18.Nxe5 dxe5 19.Be3 Qd6 20.Nb5 Qb6 21.a3 a4 22.Kh1 f4
23.Bg1 e4 24.Bh5 e3 25.Bg6 Nb3 26.g3 Bxb5 27.cxb5 fxg3 28.Rxf8+ Rxf8 29.Rxe3 gxh2
30.Bf7+ Kh8 31.Qxh2 Qf6 32.Be6 Nd4 33.Qxc7 Nf3 34.Bf2 Ne5 35.Rg3 Qh4+ 36.Kg1 Qf6
37.Qxg7+ Qxg7 38.Rxg7 Kxg7 39.Bd4 Kf6 40.Kg2 Re8 41.Bd7 Rg8+ 42.Kf1 Rd8 43.Be6 Rd6
44.Bg8 Kf5 45.Bc5 Rd8 46.Be6+ Ke4 47.Be7 Rxd5 48.Bxd5+ Kxd5 49.Ke2 Kc4 50.Bf6 Ng4
51.Bg7 Kxb5 52.Kf3 h5 53.Kf4 Kc4 54.Kg5 Nf2 55.Kxh5 Kb3 56.Kg5 Nd3 57.Kf5 Nxb2
58.Bf8 Nc4 59.Ke4 Nxa3 60.Kd5 b5  0-1

[Event "Budapest FS06 IM"]
[Site "Budapest"]
[Date "1993.??.??"]
[Round "6"]
[White "Hedman, Erik"]
[Black "Sziebert, Adam"]
[Result "1-0"]
[WhiteElo "2225"]
[BlackElo "2335"]

1.d4 Nf6 2.c4 g6 3.Nc3 Bg7 4.e4 d6 5.Nf3 O-O 6.Be2 e5 7.Be3 Ng4 8.Bg5 f6
9.Bh4 Nh6 10.dxe5 dxe5 11.Qxd8 Rxd8 12.Nd5 g5 13.Nxc7 gxh4 14.Nxa8 Na6 15.c5 Nxc5
16.Nc7 Nxe4 17.Rd1 Rxd1+ 18.Bxd1 Bf8 19.Bb3+ Kh8 20.Be6 Bxe6 21.Nxe6 Be7
22.Ke2 Kg8 23.Rd1 Nf5 24.Nc7 Kf7 25.Nd5 Bc5 26.Ne3 Nd4+ 27.Nxd4 Bxd4 28.f3 Nc5
29.b3 Ke6 30.Nc2 Kd5 31.Nxd4 exd4 32.g3 h3 33.Kd2 Ne6 34.Rc1 Ng5 35.Ke2 a5
36.Rc7 b6 37.Rd7+ Kc5 38.Kf2 b5 39.Ke2 h5 40.Re7 Kd5 41.Ra7 Kc5 42.Rxa5 d3+
43.Kxd3 Kb4 44.Ra6 Nxf3 45.a4 bxa4 46.bxa4 Nxh2 47.Rxf6 Ng4 48.Rf4+ Ka5 49.Rf5+ Kxa4
50.Rxh5 Kb4 51.Rh4  1-0

[Event "Budapest FS11 IM-A"]
[Site "Budapest"]
[Date "1993.??.??"]
[Round "7"]
[White "Hoang Than Trang"]
[Black "Szilardfy, Gyula"]
[Result "1/2-1/2"]
[WhiteElo "2300"]
[BlackElo "2280"]

1.d4 Nf6 2.c4 g6 3.Nc3 Bg7 4.e4 d6 5.Nf3 O-O 6.Be2 Nbd7 7.O-O e5 8.Qc2 exd4
9.Nxd4 Re8 10.Rd1 Nc5 11.f3 a5 12.Be3 Qe7 13.Bf2 c6 14.Nb3 Nfd7 15.Nxc5 Nxc5
16.Qd2 Be5 17.Bf1 a4 18.Rac1 Qf6 19.Bd4 Ne6 20.Be3 h5 21.Rc2 h4 22.Ne2 a3
23.b3 g5 24.Nd4 Nxd4 25.Bxd4 Kh7 26.Qe3 Rg8 27.c5 dxc5 28.Bxe5 Qxe5 29.Rxc5 Qe7
30.e5 Be6 31.Rd6 Rae8 32.Bd3+ Kg7 33.Be4 Kf8 34.Ra5 Bd5 35.Qd4 Qxe5 36.Qxe5 Rxe5
37.Bxd5 Ke7 38.Rh6 Rxd5 39.Rxa3 Rgd8 40.f4 Rd1+ 41.Kf2 R8d2+ 42.Kf3 Rf1+
43.Ke3 Rff2 44.fxg5 Rxg2 45.Rxh4 Rge2+ 46.Kf3 Rf2+ 47.Ke3 Rfe2+ 48.Kf3 Rf2+
49.Ke3 Rfe2+  1/2-1/2

[Event "Budapest FS12 GM"]
[Site "Budapest"]
[Date "1993.??.??"]
[Round "8"]
[White "Lugovoi, Aleksei"]
[Black "Maiwald, Jens Uwe"]
[Result "1/2-1/2"]
[WhiteElo "2390"]
[BlackElo "2430"]

1.d4 Nf6 2.c4 g6 3.Nc3 Bg7 4.e4 d6 5.Be2 O-O 6.Nf3 e5 7.d5 a5 8.Bg5 h6 9.Bh4 Na6
10.Nd2 Qe8 11.O-O h5 12.f3 Nh7 13.a3 Bd7 14.b3 Bh6 15.Ra2 Be3+ 16.Kh1 g5
17.Bf2 Bc5 18.Nb5 Qb8 19.Nb1 Bxf2 20.Rxf2 h4 21.Bf1 Kg7 22.Rab2 Qd8 23.Qd2 b6
24.b4 axb4 25.axb4 Qf6 26.Ra2 Rfd8 27.Ra4 c6 28.dxc6 Bxc6 29.N1c3 Bxb5 30.Nxb5 Nc7
31.Rxa8 Nxa8 32.Qd5 g4 33.f4 Ng5 34.f5 Ne6 35.Ra2 Nac7 36.Nxc7 Nxc7 37.Qc6 Ne6
38.Qxb6 Nd4 39.Qa5 Qg5 40.b5 Nb3 41.Qe1 Nc5 42.Rf2 Kf6 43.Ra2  1/2-1/2

[Event "Spring op"]
[Site "Budapest"]
[Date "1993.??.??"]
[Round "9"]
[White "Kopjonkin, Gennady"]
[Black "Maiwald, Jens Uwe"]
[Result "1-0"]
[WhiteElo "2325"]
[BlackElo "2400"]

1.d4 Nf6 2.Nf3 g6 3.c4 Bg7 4.Nc3 O-O 5.e4 d6 6.Be2 e5 7.d5 a5 8.Bg5 h6 9.Bh4 Na6
10.Nd2 Qe8 11.a3 Bd7 12.b3 Nh7 13.Rb1 Bf6 14.Bg3 Bg5 15.Nf3 Be7 16.Nd2 f5
17.f3 Nf6 18.Bf2 Nh5 19.g3 Nf6 20.Qc2 c5 21.Be3 Kg7 22.O-O f4 23.gxf4 exf4
24.Bxf4 Nh5 25.Be3 Nf4 26.e5 Bg5 27.Bxf4 Bxf4 28.e6 Qe7 29.Nde4 Be8 30.Bd3 Qh4
31.Rbe1 Be5 32.Re2 g5 33.Rg2 Bh5 34.Rg3 Kh8 35.Kg2 g4 36.f4 Rxf4 37.Rxf4 Bxf4
38.Ne2 Be5 39.Qd2 Bg6 40.Nf4 Bh7 41.Nxd6 Bxd6 42.Qc3+ Kg8 43.Bxh7+ Kxh7 44.Qd3+ Kg7
45.Qf5 Rg8 46.Nh5+ Kh8 47.Nf6 Rg7 48.e7 Rxe7 49.Qc8+ Kg7 50.Rxg4+ Qxg4+ 51.Nxg4 Nb8
52.Qd8 Nd7 53.Qxa5 h5 54.Qc3+ Kg6 55.Qd3+ Kg5 56.Nf2 Nf6 57.Nh3+ Kh6 58.Qd2+ Kh7
59.Ng5+ Kg8 60.Ne6 Ne8 61.Qg5+ Ng7 62.Qg6 Rd7 63.Ng5 Be5 64.Qh7+ Kf8 65.Ne6+  1-0

[Event "Budapest FS08 IM"]
[Site "Budapest"]
[Date "1993.??.??"]
[Round "10"]
[White "Navarovszky, Laszlo"]
[Black "Czebe, Attila"]
[Result "1/2-1/2"]
[WhiteElo "2320"]
[BlackElo "2350"]

1.d4 d6 2.c4 g6 3.Nc3 Bg7 4.e4 Nf6 5.Be2 O-O 6.Nf3 Nbd7 7.O-O e5 8.d5 Nc5
9.Bg5 a5 10.Ne1 h6 11.Bxf6 Qxf6 12.Nd3 b6 13.b3 Qh4 14.Nxc5 bxc5 15.a3 f5
16.Bd3 f4 17.Be2 g5 18.f3 Qh5 19.Nb5 Rf7  1/2-1/2

[Event "Budapest FS10 IM (Women)"]
[Site "Budapest"]
[Date "1993.??.??"]
[Round "11"]
[White "Minogina, Tanam"]
[Black "Guenther, Anetta"]
[Result "1/2-1/2"]
[WhiteElo "2230"]
[BlackElo "2035"]

1.d4 Nf6 2.c4 g6 3.Nc3 Bg7 4.e4 d6 5.Nf3 O-O 6.Be2 e5 7.d5 a5 8.Bg5 h6 9.Bh4 Na6
10.Nd2 Qe8 11.a3 Bd7 12.b3 Nh7 13.g4 Qc8 14.f3  1/2-1/2

[Event "Budapest FS12 GM"]
[Site "Budapest"]
[Date "1993.??.??"]
[Round "12"]
[White "Lugovoi, Aleksei"]
[Black "Gonzalez Garcia, Jose"]
[Result "1/2-1/2"]
[WhiteElo "2390"]
[BlackElo "2380"]

1.d4 Nf6 2.c4 g6 3.Nc3 Bg7 4.e4 d6 5.Be2 O-O 6.Nf3 e5 7.d5 a5 8.Bg5 h6 9.Bh4 Na6
10.Nd2 h5 11.O-O Bh6 12.f3 Be3+ 13.Kh1 g5 14.Bf2 Bxf2 15.Rxf2 h4 16.a3 Bd7
17.Rb1 Nc5 18.b3 Nh5 19.Qc2  1/2-1/2

[Event "Budapest FS06 IM"]
[Site "Budapest"]
[Date "1993.??.??"]
[Round "13"]
[White "Hedman, Erik"]
[Black "Wegener, Dirk"]
[Result "0-1"]
[WhiteElo "2225"]
[BlackElo "2305"]

1.d4 Nf6 2.c4 g6 3.Nc3 Bg7 4.e4 d6 5.Nf3 O-O 6.Be2 e5 7.Be3 h6 8.d5 Ng4 9.Bc1 f5
10.O-O Nd7 11.g3 fxe4 12.Nh4 g5 13.Ng6 Nxf2 14.Rxf2 Rxf2 15.Kxf2 Qf6+ 16.Kg1 Qxg6
17.Nb5 Nc5 18.Nxc7 Rb8 19.Be3 b6 20.Bh5 Qf5 21.Be2 Bd7 22.b4 Nd3 23.Rb1 Rf8
24.Qb3 Nf4 25.gxf4 exf4 26.Rf1 f3 27.Bd1 Qg4+ 28.Kf2 Qh4+ 29.Kg1 Ba4 30.Rf2 Bxb3
31.Bxb3 Bc3 32.Ne6 Be1 33.Nxf8 Bxf2+ 34.Bxf2 Qh3  0-1